|
|
|
|
| LEADER |
00000nab a2200000 a 4500 |
| 001 |
vtls000669142 |
| 003 |
SK-MaSNL |
| 005 |
20260304083452.0 |
| 008 |
250425c1998 xo 0 slo |
| 015 |
|
|
|a SNBRB1998/09-26592
|
| 035 |
|
|
|a CLN000021321
|
| 035 |
|
|
|a urn:nbn:sk:snk-abaifg
|
| 035 |
|
|
|a (urnnbn)urn:nbn:sk:snk:ar-a0aor0
|
| 035 |
|
|
|a (uuid)c87349aa-97af-4678-9e0f-628863bdf7eb
|
| 040 |
|
|
|a SNKBUCL
|b slo
|c SNKBUCL
|e AACR2
|
| 041 |
0 |
|
|a slo
|
| 044 |
|
|
|a xo
|c SK
|
| 080 |
|
|
|a 614.89
|2 1997
|
| 100 |
1 |
|
|a Vyskočil, Ivan
|4 aut
|9 284738
|
| 245 |
1 |
0 |
|a Osobné ochranné pracovné prostriedky proti pádu z výšky
|c Ivan Vyskočil, Vincent Janošťák
|
| 300 |
|
|
|b Sch., príl., tab.
|
| 650 |
0 |
7 |
|a pád z výšky
|x prostriedky pracovné ochranné osobné
|2 snkbucl
|9 1374199
|
| 650 |
0 |
7 |
|a prostriedky pracovné ochranné osobné
|2 snkbucl
|9 862115
|
| 655 |
|
7 |
|a články z novín a časopisov
|2 snkbucl
|9 267496
|
| 700 |
1 |
|
|a Janošťák, Vincent
|4 aut
|9 320459
|
| 773 |
0 |
|
|t Bezpečná práca
|g Roč. 29, č. 5 (1998), s. 6-11
|x 0322-8347
|
| 850 |
|
|
|a Slovenská národná knižnica
|
| 852 |
|
|
|a Slovenská národná knižnica
|
| 954 |
|
|
|a odborná, vedecká literatúra pôvodná (slovenská)
|2 lita
|
| 958 |
|
|
|a article14
|
| 958 |
|
|
|a OND
|
| 958 |
|
|
|a EUIPO
|
| 992 |
|
|
|a RBX
|
| 999 |
|
|
|c 2800595
|d 2802525
|